[Event "Vlissingen HZ op 23rd"]
[Site "Vlissingen"]
[Date "2019.08.06"]
[Round "5"]
[White "Alberts, Henk"]
[Black "Galle, Andre"]
[Result "1/2-1/2"]
[WhiteElo "1702"]
[BlackElo "1983"]
[PlyCount "43"]
[EventDate "2019.08.03"]
[EventType "swiss"]
[EventRounds "9"]
[EventCountry "NED"]
[SourceTitle "CBM 191 Extra"]
[Source "ChessBase"]
[SourceDate "2019.09.30"]
[SourceVersion "1"]
[SourceVersionDate "2019.09.30"]
[SourceQuality "1"]

1. Nf3 Nf6 2. g3 b6 3. Bg2 Bb7 4. 0-0 c5 5. c4 e6 6. Nc3 d6 7. d3 Be7 8. e4 Nbd7 9. b3 0-0 10. Re1 a6 11. Bb2 Qc7 12. Nh4 Rfe8 13. f4 g6 14. Qe2 Bf8 15. h3 Bg7 16. Nf3 Rad8 17. g4 Re7 18. Rad1 Rf8 19. Qf2 h6 20. Qh4 Qd8 21. Rd2 Rfe8 22. Nd1 1/2-1/2